000 00398pam a2200157 a 4500
020 _a9781582120072
_c
041 _aeng
082 _a615.19
_bTRI
100 _aTrissel, L A.
245 _aStability of Compoounded Formulations
_hTextual Documents
250 _a2nd ed.
260 _aWashington:
_bAPHA ,
_c2000.
300 _a433.
653 _aPharmaceutical/Medicinal Chemistry
930 _a2304
999 _c75589
_d75589